Business Line Think (Record no. 190088)

MARC details
000 -LEADER
fixed length control field 00593nam a22002057a 4500
005 - DATE AND TIME OF LATEST TRANSACTION
control field 20220718144302.0
010 ## - LCCN (DPL NO)
LC control number ENG-1333638
020 ## - INTERNATIONAL STANDARD BOOK NUMBER
International Standard Book Number 9789387791572
Terms of availability 399.0
035 ## - SYSTEM CONTROL NUMBER
System control number EN-117170
037 ## - SOURCE OF ACQUISITION
Source of stock number/acquisition DBAD/PUB
082 ## - DEWEY DECIMAL CLASSIFICATION NUMBER
Classification number 330.954
245 ## - TITLE STATEMENT
Title Business Line Think
Remainder of title Editorials 2019/
Statement of responsibility, etc by jinoy jose p
260 ## - PUBLICATION, DISTRIBUTION, ETC. (IMPRINT)
Place of publication, distribution, etc chennai
Name of publisher, distributor, etc N Ravi
Date of publication, distribution, etc 2020
270 ## - ADDRESS
Address 859 & 860 Anna Salai
City Chennai
Postal code 600002
300 ## - PHYSICAL DESCRIPTION
Extent 272p.
Dimensions 21cm(pbk)
700 ## - ADDED ENTRY--PERSONAL NAME
Personal name p jose jinoy
710 ## - ADDED ENTRY--CORPORATE NAME
Corporate name or jurisdiction name as entry element KR Naresh kumar
711 ## - ADDED ENTRY--MEETING NAME
Meeting name or jurisdiction name as entry element Suderarshan Vibha & Prabhakaran K
942 ## - ADDED ENTRY ELEMENTS (KOHA)
Source of classification or shelving scheme Dewey Decimal Classification
Item type English Books
Classification part 330.954
Call number suffix THI

No items available.


© Delhi Public Library
Hit Counter
free hit counter